000 00667nam a2200241Ia 4500
003 OSt
005 20220924143543.0
006 a|||||r|||| 00| 0
007 ta
008 220923b |||||||| |||| 00| 0 urd d
024 _a308941
037 _cTextual
040 _aARTS
_cARTS
_burd
041 _2urd
_aurd
082 _aO157,3M76,22, 168H3
100 _aChaterji Sharat Chandra
_9216257
245 0 _aZamana-e-saaz
260 _c1943
650 _aBENGALI LITERATURE
700 _a Kaushal Ramsaroop
_9216258
942 _hO157,3M76,22, 168H3
_cTEXL
_2CC
999 _c454969
_d454969